ბათუმის შოთა რუსთაველის სახელმწიფო უნივერსიტეტის ბიბლიოთეკა

Lewin's genes XI. (ბიბ.ჩანაწერი № 51245)

000 -LEADER
fixed length control field 00830nam a2200277Ia 4500
001 - CONTROL NUMBER
control field 18205
003 - CONTROL NUMBER IDENTIFIER
control field GE_BSU
008 - FIXED-LENGTH DATA ELEMENTS--GENERAL INFORMATION
fixed length control field 181216s||||||||xx |||||||||||||| ||und||
020 ## - INTERNATIONAL STANDARD BOOK NUMBER
International Standard Book Number ISBN 9781449659851 (alk. paper)
040 ## - CATALOGING SOURCE
Transcribing agency GE_BSU
080 ## - UNIVERSAL DECIMAL CLASSIFICATION NUMBER
Universal Decimal Classification number 576.5
100 ## - MAIN ENTRY--PERSONAL NAME
Personal name Jocelyn Krebs, Stephen Kilpatrick, and Elliott Goldstein.
245 ## - TITLE STATEMENT
Title Lewin's genes XI.
250 ## - EDITION STATEMENT
Edition statement 11th ed
260 ## - PUBLICATION, DISTRIBUTION, ETC.
Place of publication, distribution, etc. Burlington, Mass.
260 ## - PUBLICATION, DISTRIBUTION, ETC.
Name of publisher, distributor, etc. Jones & Bartlett Learning
260 ## - PUBLICATION, DISTRIBUTION, ETC.
Date of publication, distribution, etc. 2014
300 ## - PHYSICAL DESCRIPTION
Extent xxvii, 940 p, col, ill., 29 cm.
300 ## - PHYSICAL DESCRIPTION
Other physical details + 1 online access card.
653 ## - INDEX TERM--UNCONTROLLED
Uncontrolled term Genetics. Genes. Genes. DNA--genetics. Genetic Processes. Genome. Proteins--genetics. RNA--genetics.
653 ## - INDEX TERM--UNCONTROLLED
Uncontrolled term Lewin's genes XI.
653 ## - INDEX TERM--UNCONTROLLED
Uncontrolled term ბიოლოგია
653 ## - INDEX TERM--UNCONTROLLED
Uncontrolled term გენეტიკა
942 ## - ADDED ENTRY ELEMENTS (KOHA)
Koha item type წიგნი
ეგზემპლარები
Withdrawn status Lost status Damaged status Not for loan Date acquired Barcode Date last seen Price effective from Koha item type
        2018-12-17 46409 2018-12-17 2018-12-17 წიგნი